Normal view
MARC view
Entry Personal Name
001 - CONTROL NUMBER
- control field: 48963
003 - CONTROL NUMBER IDENTIFIER
- control field: ARRUPE
005 - DATE AND TIME OF LATEST TRANSACTION
- control field: 20200121141920.0
008 - FIXED-LENGTH DATA ELEMENTS
- fixed length control field: 200121|| aca||aabn | a|a d
040 ## - CATALOGING SOURCE
- Original cataloging agency: ARRUPE
- Transcribing agency: ARRUPE
100 ## - HEADING--PERSONAL NAME
- Personal name: Dukor, Maduabuchi F.
670 ## - SOURCE DATA FOUND
- Source citation: Work cat.: (ARRUPE)0: Dukor, Maduabuchi F., Theistic humanism of African Philosophy, 2010.